Fallout New Vegas: All companions - Statistics

General Stats
  • This quiz has been taken 100 times
  • The average score is 7 of 8
Answer Stats
Answer % Correct
Craig Boone
91%
Rex
88%
Veronica Santangelo
85%
ED-E
82%
Arcade Israel Gannon
79%
Raul Alfonso Tejada
79%
Sharon Cassidy
78%
Lily Bowen
72%
No matching quizzes found
Score Distribution
Percent of People with Each Score
Percentile by Number Answered
Your Score History
You have not taken this quiz